000 00309nam a22001337a 4500
008 170612b xxu||||| |||| 00| 0 eng d
020 _a0670454618
041 _aeng
080 _a32
100 _a19
101 _aSHP
245 _aMARATHON THE PURSUIT OF THE PRESIDENCY
_cWITCOVER.J
942 _2udc
_cBK
999 _c16944
_d16944